Star Wars by letter - A - Statistics

General Stats
  • This quiz has been taken 50 times
    37 since last reset
  • The average score is 15 of 24
Answer Stats
Hint Answer % Correct
"It's a trap!" Admiral Ackbar
100%
His padawan during the Clone Wars who later left the Jedi Order Ahsoka Tano
100%
Home planet of the Organa family that was obliterated by the Empire Alderaan
100%
The chosen one Anakin Skywalker
100%
Enormous Imperial walker used on Hoth to attack the Rebel base AT-AT (All Terrain Armored Transport)
96%
Cassian's last name Andor
91%
R2-D2 kind of droid Astromech
87%
Queen of Naboo before the Clone Wars Amidala
83%
Wedge's last name Antilles
83%
Smaller and biped version used by the Empire on Endor AT-ST (All Terrain Scout Transport)
83%
The chosen one thought the Queen of Naboo was one of them when he saw her the first time Angel
78%
Count Dooku's apprentice during the Clone Wars, she fought with two red lightsabers Asajj Ventress
78%
The Millennium Falcom once tried to escape the empire by flying through an... asteroid field
74%
Twi'lek Jedi Master who died on Felucia by the hands of her clones during the Emperor's purge Aayla Secura
65%
Planet of the creation of the First Jedi Order where Luke went on exile Ahch-To
48%
Elite Soldiers of the Republic during the Clone Wars ARC Troopers
48%
Female forger and keeper of the mandalorian culture Armorer (the)
48%
Female bounty hunter and Boba Fett's teacher after Jango's death Aurra Sing
48%
Female Jedi Master and member of the Jedi Council during the Clone Wars Adi Gallia
35%
First name of Resistance officer Holdo Amilyn
35%
Planet of lush, green highlands and sacred valleys where locals were displaced by the Empire who occupied it for over a decade seeking tactical advantage against the Rebellion Aldhani
22%
Species living on the planet Pasaana famous for their biennial festival Aki-Aki
9%
One of Kylo Ren's dark enforcers, equipped with a vibro-ax Ap'Lek
9%
Ancient world marked with crumbling ruins, it keeps clues to the mystery surrounding Ezra's disappearance Arcana
4%
No matching quizzes found
Score Distribution
Percent of People with Each Score
Percentile by Number Answered
Your Score History
You have not taken this quiz since the last reset